LEADER 01322nam a2200313 a 4500 001 000000149833 003 CaOOAMICUS 005 20160229112639.0 008 160229s1977 fr u000 u fre r 020 $a2-02-00-4729-2* 032 $aLibriCat 040 $aPUL$bita 245 04$aLes miracles de Jésus :$bselon le Nouveau Testament /$cpar Jean-Noël Aletti ... [et al.] ; sous la direction de Xavier Léon-Dufour. 260 $aParis :$bÉditions du Seuil,$c©1977. 300 $a396 p. ;$c21 cm. 490 1 $aParole de Dieu 500 $aInclude indici. 504 $aBibliografia in nota. 600 04$aIesus Christus$xMiracoli.$0(OLS)http://pul/subject/8561 700 1 $aLéon-Dufour, Xavier,$cS.I.$0(OLS)http://pul/name/10424 700 1 $aAletti, Jean-Noël,$cS.I.,$d1942-$0(OLS)http://pul/name/12460 830 0$aParole de Dieu.$0(OLS)http://pul/title/15496 850 $aPUL 852 $aPUL$W1$xDP1 Fondo Bordoni$y120$m3 J 66$j167533$qFondi$B174205$CPULBib$Z2$F174205 $HBor1342 $81 941 1 $a1 996 $6020$a2-02-00-4729-2*$9(OLS)http://pul/number/159894 996 $6245$aLes miracles de Jésus :$bselon le Nouveau Testament$9(OLS)http://pul/title/188868 996 $6260$aParis :$bÉditions du Seuil$9(OLS)http://pul/publisher/54032 LEADER 01721nam a2200277 a 4500 001 000000122594 003 CaOOAMICUS 005 20100726105714.0 008 100726t2009 vc 000 u eng r 020 $a978-88-209-8300-0 040 $aPUL$bita$dReb 082 04$a261.8 110 2 $aPontificio consiglio della giustizia e della pace$bSymposium of Episcopal conferences of Africa and Madagascar$c(Dar es Salam, Tanzania :$d2008).$0(OLS)http://pul/name/76990 245 10$aTowards a new evangelization of African society :$bproceedings of the Continental Conference on the presentation in Africa of the "Compendium of the social doctrine of the Church", Dar es Salaam, Tanzania, 27-30 August 2008 /$cPontifical Council for justice and peace. 260 $aCittà del Vaticano :$bLibreria editrice vaticana,$c©2009. 300 $a266 p. ;$c21 cm. 650 4$aDottrina sociale della Chiesa.$0(OLS)http://pul/subject/33229 651 4$aAfrica$xEvangelizzazione.$0(OLS)http://pul/subject/37123 850 $aPUL 852 $aPUL$W1$xSL Religione 3$y85$m261. 8 PCGP 4$j140800$qDDC 21$B139884$CPULBib$Z2$F139884 $H114605 $82 941 1 $a9 960 $aDottrina sociale cristiana$933229 996 $6020$a978-88-209-8300-0$9(OLS)http://pul/number/145005 996 $6082$a261.8$9(OLS)http://pul/classification/367 996 $6245$aTowards a new evangelization of African society :$bproceedings of the Continental Conference on the presentation in Africa of the "Compendium of the social doctrine of the Church", Dar es Salaam, Tanzania, 27-30 August 2008$9(OLS)http://pul/title/154490 996 $6260$aCittà del Vaticano :$bLibreria editrice vaticana$9(OLS)http://pul/publisher/47920